000 00320nam a2200145 i 4500
001 bg
100 1 _aMARKS, Karol
245 0 _aManifest Komunistyczny /
_cK. Marks.
250 _aWyd.25.
260 _aWarszawa,
_c1969.
040 _cBPK
041 _apol
942 _cKS
008 s pl f |000 0 pol
999 _c10330
_d10330
856 _uhttp://koha.tu.koszalin.pl/cgi-bin/koha/opac-detail.pl?biblionumber=10330
_yKatalog online BPK